000 00322nam a2200133Ia 4500
003 GCL
008 140319s9999 xx 000 0 ara d
040 _aGCL /
_cGCL
082 0 4 _aط
_b920.71
_bف ح
100 1 _aفاروق يوسف
245 1 0 _aحى بن يقظان /
_cفاروق يوسف
300 _a47 ص
490 _a
999 _c46241
_d46241